LEADER 06483nam 22008535 450 001 996487161603316 005 20221109122948.0 010 $a3-11-075081-3 024 7 $a10.1515/9783110750812 035 $a(CKB)5700000000103380 035 $a(DE-B1597)583060 035 $a(DE-B1597)9783110750812 035 $a(MiAaPQ)EBC7070276 035 $a(Au-PeEL)EBL7070276 035 $a(OCoLC)1343250261 035 $a(oapen)https://directory.doabooks.org/handle/20.500.12854/91553 035 $a(EXLCZ)995700000000103380 100 $a20220830h20222022 fg 101 0 $aeng 135 $aur||#|||||||| 181 $ctxt$2rdacontent 182 $cc$2rdamedia 183 $acr$2rdacarrier 200 00$aJewish Life and Culture in Germany after 1945 $eSacred Spaces, Objects and Musical Traditions /$fed. by Katrin Keßler, Sarah M. Ross, Barbara Staudinger, Lea Weik 210 $aBerlin/Boston$cDe Gruyter$d2022 210 1$aMünchen ;$aWien :$cDe Gruyter Oldenbourg,$d[2022] 210 4$d©2022 215 $a1 online resource (VI, 232 p.) 311 $a3-11-075071-6 327 $tFrontmatter --$tContents --$tIntroductory Remark --$tPart 1: Synagogues and Spaces --$tIntroduction to Part 1: Synagogues and Spaces in Post-War Germany --$tWall Paintings in Synagogues of Displaced Persons in Germany (1945?1950) --$t?Next Year in Jerusalem ?? ? References to the Holy Land in Synagogue Architecture --$tImpressive and Invisible. Reflections on the Urban Disposition of Synagogue Buildings in Germany Since 1990 --$tThe Dynamics of Jewish Space(s): Jewish Agency, Individual, Collective and the Creating, Maintenance or Discarding of Jewish Dominated Jewish Spaces --$tPart 2: Ritual Objects --$tIntroduction to Part 2: Objects of Religious Practice in the Jewish Communities of Germany after 1945 --$tLocating and Relocating: Mordechai W. Bernstein, Jewish Successor Organizations and the Musealization of Jewish Cultural Heritage Objects --$t?In the religious field great strides have been made? ? Jewish Relief Organizations and the Supply of Religious Objects to Jewish Communities in the British Zone (1945?1950) --$tBetween Rite and Musealization. Judaica in the Jewish Communities of Southern Germany after the Shoah, Using the Example of Augsburg and the Person of Julius Spokojny --$tPart 3: Liturgy and Music --$tIntroduction to Part 3: Community, Religious Practice and Synagogue Music in Post-War Germany --$tA Relic of the Past? The Organ and the Jewish Communities in Post-War Germany --$tJewish Musical Heritage in Post-War Germany: Negotiating Jewish Self-Understanding through Synagogue Chant --$tKaddish in Flossenbürg. On the Genesis of the Memorials to Jewish Victims of the Concentration Camp --$tIndex: Persons and Places 330 $aHow was the re-emerging Jewish religious practice after 1945 shaped by traditions before the Shoah? To what extent was it influenced by new inspirations through migration and new cultural contacts? By analysing objects like prayer books, musical instruments, Torah scrolls, audio documents and prayer rooms, this volume shows how the post-war communities created new Jewish musical, architectural and artistic forms while abiding by the tradition. This peer-reviewed volume presents contributions to the conference ?Jewish communities in Germany in Transition", held in July 2021, as well as the results of a related research project carried out by two university institutions and two museums: the Bet Tfila ? Research Unit for Jewish Architecture (Technische Universität Braunschweig), the European Center for Jewish Music (Hanover University for Music, Drama and Media), the Braunschweigisches Landesmuseum, and the Jewish Museum Augsburg Swabia. For the first time, post war synagogues in Germany and their objects were researched on a broad and interdisciplinary basis ? regarding history of architecture, art history of their furniture and ritual objects as well as liturgy and musicology. The project was funded by the Federal Ministry of Education and Research (BMBF) during the years 2018 to 2021 in its funding line ?The Language of Objects". 606 $aHolocaust, Jewish (1939-1945)$zGermany$xInfluence 606 $aJews$xMusic 606 $aJews$zGermany$xHistory$y1945-1990 606 $aJews$zGermany$xSocial life and customs$y20th century 606 $aJudaism$xLiturgy 606 $aSpiritual life$xJudaism 606 $aHISTORY / Europe / Germany$2bisacsh 610 $aJewish life. 610 $aarchitecture. 610 $aliturgical practice. 610 $amuseum. 610 $apost-war Germany. 615 0$aHolocaust, Jewish (1939-1945)$xInfluence. 615 0$aJews$xMusic. 615 0$aJews$xHistory 615 0$aJews$xSocial life and customs 615 0$aJudaism$xLiturgy. 615 0$aSpiritual life$xJudaism. 615 7$aHISTORY / Europe / Germany. 676 $a305.892404309045 700 $aKeßler$b Katrin$4edt$01726830 702 $aFrühauf$b Tina$4ctb$4https://id.loc.gov/vocabulary/relators/ctb 702 $aKeßler$b Katrin$4ctb$4https://id.loc.gov/vocabulary/relators/ctb 702 $aKeßler$b Katrin$4edt$4http://id.loc.gov/vocabulary/relators/edt 702 $aKnufinke$b Ulrich$4ctb$4https://id.loc.gov/vocabulary/relators/ctb 702 $aKranz$b Dani$4ctb$4https://id.loc.gov/vocabulary/relators/ctb 702 $aKönig$b Sarah$4ctb$4https://id.loc.gov/vocabulary/relators/ctb 702 $aLöffler$b Beate$4ctb$4https://id.loc.gov/vocabulary/relators/ctb 702 $aRoss$b Sarah M.$4ctb$4https://id.loc.gov/vocabulary/relators/ctb 702 $aRoss$b Sarah M.$4edt$4http://id.loc.gov/vocabulary/relators/edt 702 $aSaalmann$b Timo$4ctb$4https://id.loc.gov/vocabulary/relators/ctb 702 $aStaudinger$b Barbara $4edt$4http://id.loc.gov/vocabulary/relators/edt 702 $aStaudinger$b Barbara$4ctb$4https://id.loc.gov/vocabulary/relators/ctb 702 $aWeigel$b Samuel$4ctb$4https://id.loc.gov/vocabulary/relators/ctb 702 $aWeik$b Lea$4ctb$4https://id.loc.gov/vocabulary/relators/ctb 702 $aWeik$b Lea$4edt$4http://id.loc.gov/vocabulary/relators/edt 702 $aWinkler$b Ayleen$4ctb$4https://id.loc.gov/vocabulary/relators/ctb 801 0$bDE-B1597 801 1$bDE-B1597 906 $aBOOK 912 $a996487161603316 996 $aJewish Life and Culture in Germany after 1945$94133394 997 $aUNISA LEADER 03120oam 2200985Mn 450 001 9910765703203321 005 20241107094446.0 010 $a9786610167753 010 $a9781135797522 010 $a1135797528 010 $a9781135797539 010 $a1135797536 010 $a9781280167751 010 $a1280167750 010 $a9780203986189 010 $a0203986180 024 3 $a9781138179455 035 $a(CKB)1000000000247472 035 $a(EBL)241732 035 $a(OCoLC)475958487 035 $a(SSID)ssj0000224463 035 $a(PQKBManifestationID)11187016 035 $a(PQKBTitleCode)TC0000224463 035 $a(PQKBWorkID)10210670 035 $a(PQKB)10836463 035 $a(MiAaPQ)EBC241732 035 $a(OCoLC)1050975129 035 $a(OCoLC-P)1050975129 035 $a(FlBoTFG)9781135797539 035 $a(oapen)https://directory.doabooks.org/handle/20.500.12854/35282 035 $a(MiAaPQ)EBC7245037 035 $a(Au-PeEL)EBL7245037 035 $a(OCoLC)824533392 035 $a(ODN)ODN0004057911 035 $a(ScCtBLL)8b7a33c6-6e1c-48f3-9fe2-726a39020d5b 035 $a(OCoLC)1193557794 035 $a(oapen)doab35282 035 $a(EXLCZ)991000000000247472 100 $a20170112j20170107 uy 0 101 0 $aeng 135 $aur|n||||||||| 181 $ctxt 182 $cc 183 $acr 200 12$aA Popular Dictionary of Hinduism 205 $a1st ed. 210 $aGeorgetown $cRoutledge, Chapman & Hall, Incorporated$dJan. 2017 215 $a1 online resource (129 p.) 300 $aDescription based upon print version of record. 311 08$a0-7007-1049-3 311 08$a1-138-17945-0 327 $aBook Cover; Half-Title; Title; Copyright; ABBREVIATIONS; PREFACE; ACKNOWLEDGEMENT; A NOTE ON THE PRONUNCIATION OF THE SANSKRIT ALPHABET; INTRODUCTION 330 8 $aAnnotation$bA multi-purpose reference work which should become an indispensable companion for anybody who comes into touch with Hinduism. Includes a dictionary of Sanskrit and vernacular terms; a glossary of terms and concepts; and a survey of the historical development of Hinduism. 531 $aA POPULAR DICTIONARY OF HINDUISM 606 $aDictionaries 606 $aHinduism 606 $aHinduism-- Dictionaries 606 $aEastern Religions$2HILCC 606 $aReligion$2HILCC 606 $aPhilosophy & Religion$2HILCC 610 $asanskrit 610 $aalphabet 610 $ainitial 610 $acapital 610 $aletter 610 $acosmic 610 $aocean 610 $ahatha 610 $ayoga 610 $asubtle 615 4$aDictionaries. 615 4$aHinduism. 615 4$aHinduism-- Dictionaries. 615 7$aEastern Religions 615 7$aReligion 615 7$aPhilosophy & Religion 676 $a294.503 686 $aSOC008000$aSOC053000$2bisacsh 700 $aWerner$b Karel$01261812 801 0$bOCoLC-P 801 1$bOCoLC-P 906 $aBOOK 912 $a9910765703203321 996 $aA Popular Dictionary of Hinduism$93654297 997 $aUNINA